[Event "XXVI Ogolnopolska Olimpiada Mlodziezy"]
[Site "Pulawy"]
[Date "2020.10.07"]
[Round "4.19"]
[White "Zapalowska, Wiktoria"]
[Black "Dzierzgowska, Jagoda"]
[Result "1-0"]
[WhiteElo "1209"]
[BlackElo "1109"]
[PlyCount "57"]
[EventDate "2020.10.04"]
[EventType "swiss"]
[Tiebreak "Sum of Buchholz+Median1 Buchholz+Sonneborn-Berger (Swiss)"]

1. e4 e6 2. d4 d5 3. Nd2 c5 4. Ngf3 Nc6 5. exd5 exd5 6. dxc5 Bxc5 7. Nb3 Bb6 8.
Bd3 Nge7 9. O-O O-O 10. c3 h6 11. Bf4 Ng6 12. Bg3 f5 13. h3 Qf6 14. Bc2 Be6 15.
Nbd4 f4 16. Nxe6 Qxe6 17. Bh2 Nge7 18. Qd3 Qf6 19. Kh1 Kf7 20. g3 fxg3 21. fxg3
Ke8 22. Nd4 Qd6 23. Rxf8+ Kxf8 24. Rf1+ Ke8 25. Nb5 Qd7 26. g4 a6 27. Nd6+ Kd8
28. Rf8+ Kc7 29. Nb5# 1-0

[Event "XXVI Ogolnopolska Olimpiada Mlodziezy"]
[Site "Pulawy"]
[Date "2020.10.07"]
[Round "4.20"]
[White "Glaz, Michal"]
[Black "Zieba, Hubert"]
[Result "1-0"]
[WhiteElo "1180"]
[BlackElo "1424"]
[PlyCount "101"]
[EventDate "2020.10.04"]
[EventType "swiss"]
[Tiebreak "Sum of Buchholz+Median1 Buchholz+Sonneborn-Berger (Swiss)"]

1. e4 c5 2. Nf3 Nc6 3. d4 cxd4 4. Nxd4 g6 5. Nc3 Bg7 6. Be3 Nf6 7. Bc4 O-O 8.
Bb3 d6 9. f3 Bd7 10. Qd2 Qa5 11. O-O-O Rfc8 12. h4 Ne5 13. h5 Nxh5 14. Bh6 Nc4
15. Bxc4 Rxc4 16. Bxg7 Kxg7 17. g4 Nf6 18. Qh6+ Kg8 19. g5 Nh5 20. Nde2 Qe5 21.
Nd5 Re8 22. Rh4 Qg7 23. Qxg7+ Kxg7 24. Rdh1 e6 25. Nf6 Nxf6 26. gxf6+ Kxf6 27.
e5+ dxe5 28. Rxc4 Bb5 29. Re4 h5 30. Nc3 Bc6 31. Re3 Rh8 32. Rf1 h4 33. Rf2 h3
34. Rh2 Kf5 35. Ne2 g5 36. Kd2 f6 37. Ke1 Bb5 38. Kf2 Rd8 39. Ke1 Rh8 40. Nc3
Bc6 41. Kf2 g4 42. fxg4+ Kxg4 43. Rg3+ Kf4 44. Rhxh3 Rxh3 45. Rxh3 e4 46. Ne2+
Kg4 47. Ra3 a6 48. Rg3+ Kf5 49. Nd4+ Ke5 50. Nxc6+ bxc6 51. Ra3 1-0

[Event "XXVI Ogolnopolska Olimpiada Mlodziezy"]
[Site "Pulawy"]
[Date "2020.10.07"]
[Round "4.20"]
[White "Kicinska, Anna"]
[Black "Wesolowska, Liliana"]
[Result "0-1"]
[WhiteElo "1170"]
[BlackElo "1033"]
[PlyCount "144"]
[EventDate "2020.10.04"]
[EventType "swiss"]
[Tiebreak "Sum of Buchholz+Median1 Buchholz+Sonneborn-Berger (Swiss)"]

1. d4 d6 2. Nf3 Nf6 3. Bg5 Nbd7 4. e3 e5 5. dxe5 dxe5 6. Nbd2 Bb4 7. c3 Bc5 8.
Ne4 Be7 9. Bxf6 Bxf6 10. Bd3 b6 11. Bb5 Bb7 12. Nxf6+ gxf6 13. Qxd7+ Qxd7 14.
Bxd7+ Kxd7 15. O-O-O+ Ke7 16. Rd2 Rad8 17. Rhd1 Rxd2 18. Rxd2 Rg8 19. Nh4 Bxg2
20. f3 Bh3 21. Kc2 f5 22. e4 fxe4 23. fxe4 Rg4 24. Nf5+ Ke6 25. Ng3 Rg5 26. Kb3
h5 27. Rd3 h4 28. Ne2 Bf1 29. Re3 Rg2 30. Nc1 Rxh2 31. Re1 Bg2 32. Re2 h3 33.
Nd3 Rh1 34. Nb4 Bf3 35. Rf2 Bd1+ 36. Ka3 a5 37. Nc6 f6 38. Nd8+ Ke7 39. Nc6+
Kf7 40. Nd8+ Kg6 41. Ne6 c5 42. Nf8+ Kf7 43. Nd7 Re1 44. Nxf6 Ke6 45. Nd5 Rxe4
46. Nxb6 Kd6 47. Rd2+ Kc6 48. Rxd1 Kxb6 49. Rd6+ Kc7 50. Rh6 Re3 51. Ka4 e4 52.
Kxa5 Rf3 53. Rh7+ Kd6 54. Kb5 e3 55. Rh6+ Ke5 56. Rh8 Ke4 57. Re8+ Kd3 58. a4
h2 59. Rd8+ Kc2 60. Rh8 Rf2 61. a5 e2 62. a6 e1=Q 63. a7 Qe2+ 64. Ka5 Qe4 65.
b4 Kxc3 66. b5 Qb4+ 67. Kb6 Rf6+ 68. Kc7 Qa5+ 69. b6 Qxb6+ 70. Kd7 Rf7+ 71. Ke8
Qe6+ 72. Kd8 Qd7# 0-1

[Event "XXVI Ogolnopolska Olimpiada Mlodziezy"]
[Site "Pulawy"]
[Date "2020.10.07"]
[Round "4.20"]
[White "Lajdamik, Anna"]
[Black "Dumin, Karolina"]
[Result "1-0"]
[WhiteElo "1292"]
[BlackElo "1014"]
[PlyCount "59"]
[EventDate "2020.10.04"]
[EventType "swiss"]
[Tiebreak "Sum of Buchholz+Median1 Buchholz+Sonneborn-Berger (Swiss)"]

1. e4 e6 2. d4 d5 3. e5 c5 4. c3 Nc6 5. Nf3 Qb6 6. Bd3 cxd4 7. cxd4 Bd7 8. O-O
Nxd4 9. Nxd4 Qxd4 10. Nc3 Qxe5 11. Re1 Qd6 12. Nb5 Qb6 13. Be3 Qa5 14. Qb3 Nf6
15. Rac1 Bc6 16. Bf4 Rc8 17. Bd6 Be7 18. Bxe7 Kxe7 19. Nd4 a6 20. f4 Kd6 21.
Nf3 h6 22. f5 Rhe8 23. Ne5 Re7 24. fxe6 fxe6 25. Bg6 Rcc7 26. Qg3 Qb6+ 27. Kh1
Qb5 28. Nf7+ Kd7 29. Qd6+ Kc8 30. Qd8# 1-0

[Event "XXVI Ogolnopolska Olimpiada Mlodziezy"]
[Site "Pulawy"]
[Date "2020.10.07"]
[Round "4.20"]
[White "Leski, Franciszek"]
[Black "Myrmus, Mateusz"]
[Result "0-1"]
[WhiteElo "1379"]
[BlackElo "1826"]
[PlyCount "128"]
[EventDate "2020.10.04"]
[EventType "swiss"]
[Tiebreak "Sum of Buchholz+Median1 Buchholz+Sonneborn-Berger (Swiss)"]

1. d4 e6 2. c4 f5 3. Nf3 Nf6 4. Bg5 Bb4+ 5. Nbd2 O-O 6. a3 Be7 7. e3 b6 8. Bd3
Bb7 9. O-O d6 10. Bxf6 Bxf6 11. e4 f4 12. Qc2 e5 13. d5 g5 14. b4 g4 15. Ne1
Be7 16. Be2 Bc8 17. Qd1 h5 18. Nb3 Nd7 19. Bxg4 hxg4 20. Qxg4+ Kh7 21. Qh5+ Kg7
22. Qg4+ Kh6 23. Qh3+ Bh4 24. Rd1 Nc5 25. Qf3 Nxb3 26. Qxb3 Kg7 27. g3 Bg5 28.
Kg2 Rh8 29. h4 Bf6 30. Rh1 fxg3 31. fxg3 Bg4 32. Nf3 Qd7 33. Rd3 Raf8 34. Re1
Bd8 35. Ree3 Rf6 36. Nh2 Bh3+ 37. Kg1 Rhf8 38. Rf3 Bg4 39. Nxg4 Qxg4 40. Kf2
Qxe4 41. Rxf6 Rxf6+ 42. Rf3 Rxf3+ 43. Qxf3 Qxf3+ 44. Kxf3 Kg6 45. Kg4 Bf6 46.
h5+ Kh6 47. Kf5 Bg5 48. g4 Bf4 49. a4 Bd2 50. c5 bxc5 51. bxc5 a6 52. g5+ Bxg5
53. cxd6 cxd6 54. Ke6 e4 55. Kxd6 e3 56. Kc6 e2 57. Kb6 e1=Q 58. Kxa6 Qd2 59.
Kb6 Qxd5 60. a5 Bd8+ 61. Ka7 Qxa5+ 62. Kb8 Qb6+ 63. Ka8 Qb5 64. Ka7 Bc7 0-1

[Event "XXVI Ogolnopolska Olimpiada Mlodziezy"]
[Site "Pulawy"]
[Date "2020.10.07"]
[Round "4.21"]
[White "Ciszewski, Krzysztof"]
[Black "Rzenca, Jerzy"]
[Result "1/2-1/2"]
[WhiteElo "1784"]
[BlackElo "1584"]
[PlyCount "111"]
[EventDate "2020.10.04"]
[EventType "swiss"]
[Tiebreak "Sum of Buchholz+Median1 Buchholz+Sonneborn-Berger (Swiss)"]

1. d4 d5 2. c4 c6 3. Nc3 dxc4 4. a4 Nf6 5. Nf3 Bf5 6. e3 e6 7. Bxc4 Bb4 8. O-O
O-O 9. Qe2 Nbd7 10. e4 Bg6 11. Bd3 Bh5 12. e5 Nd5 13. Nxd5 cxd5 14. Qe3 Re8 15.
Ng5 Bg6 16. Bxg6 fxg6 17. Qh3 Nf8 18. f4 Rc8 19. g4 Rc2 20. Be3 Be7 21. Qf3
Rxb2 22. h4 h6 23. Nh3 Nd7 24. f5 gxf5 25. gxf5 Bxh4 26. fxe6 Nf8 27. Kh1 Nxe6
28. Rg1 Bg5 29. Bxg5 Nxg5 30. Nxg5 hxg5 31. Qh5 Re6 32. Rg2 Rh6 33. Qxh6 gxh6
34. Rxb2 Qf8 35. Rxb7 Qf3+ 36. Kg1 Qe3+ 37. Kg2 Qd2+ 38. Kh1 Qxd4 39. Rf1 Qxa4
40. Rff7 Qd1+ 41. Kg2 Qe2+ 42. Kg1 Qxe5 43. Rfc7 Qg3+ 44. Kh1 Qf3+ 45. Kg1 Qf8
46. Rxa7 g4 47. Kg2 h5 48. Kg3 d4 49. Kh4 d3 50. Rd7 g3 51. Kxg3 d2 52. Ra5
d1=Q 53. Rg5+ Kh8 54. Rxd1 Qb8+ 55. Kg2 Qb2+ 56. Kh1 1/2-1/2

[Event "XXVI Ogolnopolska Olimpiada Mlodziezy"]
[Site "Pulawy"]
[Date "2020.10.07"]
[Round "4.21"]
[White "Karys, Katarzyna"]
[Black "Nowak, Zuzanna"]
[Result "0-1"]
[WhiteElo "1132"]
[BlackElo "1292"]
[PlyCount "112"]
[EventDate "2020.10.04"]
[EventType "swiss"]
[Tiebreak "Sum of Buchholz+Median1 Buchholz+Sonneborn-Berger (Swiss)"]

1. e4 e5 2. Nf3 Nc6 3. Nc3 Nf6 4. Bb5 d6 5. h3 Bd7 6. d3 a6 7. Bxc6 Bxc6 8. Be3
g6 9. O-O Bg7 10. Re1 Qd7 11. Qd2 O-O-O 12. d4 Nxe4 13. Nxe4 Bxe4 14. Bg5 f6
15. Bxf6 Bxf6 16. Rxe4 Qf5 17. Rae1 d5 18. R4e2 e4 19. Nh2 h5 20. f3 Rhe8 21.
fxe4 dxe4 22. c3 g5 23. Qc2 Re7 24. Rf1 Qg6 25. Nf3 g4 26. hxg4 hxg4 27. Nd2
Rde8 28. Rf4 g3 29. Nxe4 Qh6 30. Nxg3 Qxf4 31. Rxe7 Rxe7 32. Nf1 Re1 33. Qd3
Bh4 34. Qf3 Qxf3 35. gxf3 Kd7 36. Kg2 Re2+ 37. Kh3 Be7 38. b4 Rxa2 39. Ne3 Rd2
40. Nd5 Rd3 41. Kg4 c6 42. Nb6+ Kc7 43. Na4 b5 44. Nc5 Bxc5 45. dxc5 Rxc3 46.
Kf4 Rc4+ 47. Ke5 Rxb4 48. f4 Rb1 49. f5 a5 50. f6 a4 51. f7 Rf1 52. Ke6 a3 53.
Ke7 a2 54. Ke8 a1=Q 55. Kf8 Qh8+ 56. Ke7 Re1# 0-1

[Event "XXVI Ogolnopolska Olimpiada Mlodziezy"]
[Site "Pulawy"]
[Date "2020.10.07"]
[Round "4.21"]
[White "Micula, Jakub"]
[Black "Dobosiewicz, Dawid"]
[Result "1/2-1/2"]
[WhiteElo "1370"]
[BlackElo "1390"]
[PlyCount "84"]
[EventDate "2020.10.04"]
[EventType "swiss"]
[Tiebreak "Sum of Buchholz+Median1 Buchholz+Sonneborn-Berger (Swiss)"]

1. e4 c5 2. Nf3 e6 3. c4 Nc6 4. Nc3 Nd4 5. Be2 d6 6. O-O g6 7. d3 Bg7 8. Be3
Ne7 9. Qd2 O-O 10. Bh6 Nec6 11. Bxg7 Kxg7 12. Rac1 a6 13. Nxd4 Nxd4 14. f4 b5
15. Bf3 Bb7 16. Ne2 Qf6 17. Kh1 Nxe2 18. Bxe2 Qh4 19. f5 exf5 20. exf5 f6 21.
Bf3 Bxf3 22. Rxf3 Rae8 23. d4 Qxd4 24. Rd3 Qe5 25. fxg6 hxg6 26. cxb5 axb5 27.
Rxd6 Qe2 28. Rd7+ Kg8 29. Qd5+ Qe6 30. h3 Qxd5 31. Rxd5 Re2 32. b3 Ra8 33.
Rcxc5 Raxa2 34. Rc8+ Kg7 35. h4 Kf7 36. Rxb5 Rxg2 37. Rc7+ Ke6 38. Rc6+ Kd7 39.
Rxf6 Rh2+ 40. Kg1 Rhg2+ 41. Kf1 Rh2 42. Kg1 Rhg2+ 1/2-1/2

[Event "XXVI Ogolnopolska Olimpiada Mlodziezy"]
[Site "Pulawy"]
[Date "2020.10.07"]
[Round "4.21"]
[White "Prawucka, Zofia"]
[Black "Duda, Aleksandra"]
[Result "0-1"]
[WhiteElo "1137"]
[BlackElo "1046"]
[PlyCount "90"]
[EventDate "2020.10.04"]
[EventType "swiss"]
[Tiebreak "Sum of Buchholz+Median1 Buchholz+Sonneborn-Berger (Swiss)"]

1. Nf3 d5 2. b3 c5 3. Bb2 f6 4. e3 e5 5. Bb5+ Nc6 6. Bxc6+ bxc6 7. d3 Bd6 8.
Nbd2 Ne7 9. O-O O-O 10. h3 Qe8 11. c4 d4 12. Ne4 Qd8 13. Ba3 Qa5 14. Qc1 Rd8
15. Nfd2 Nf5 16. exd4 cxd4 17. Nxd6 Nxd6 18. Bxd6 Rxd6 19. Ne4 Rd8 20. c5 Rd5
21. Qe1 Qxe1 22. Rfxe1 Bf5 23. b4 a5 24. a3 Rdd8 25. Rab1 axb4 26. axb4 Ra3 27.
b5 cxb5 28. Rxb5 Rxd3 29. Ng3 Be6 30. Rb6 Bc8 31. Rc1 Rc3 32. Rd1 Rxc5 33. Ne4
Rc2 34. Nd6 Be6 35. Nb7 Re8 36. Nd6 Ra8 37. Nb5 Bc4 38. Nc7 Raa2 39. Rb8+ Kf7
40. Ne8 Ba6 41. Nd6+ Kg6 42. g4 Rxf2 43. Ne4 Rg2+ 44. Kh1 Rh2+ 45. Kg1 Rag2#
0-1

[Event "XXVI Ogolnopolska Olimpiada Mlodziezy"]
[Site "Pulawy"]
[Date "2020.10.07"]
[Round "4.22"]
[White "Duda, Leon"]
[Black "Tarlowski, Bartosz"]
[Result "1-0"]
[WhiteElo "1388"]
[BlackElo "1145"]
[PlyCount "113"]
[EventDate "2020.10.04"]
[EventType "swiss"]
[Tiebreak "Sum of Buchholz+Median1 Buchholz+Sonneborn-Berger (Swiss)"]

1. e4 e5 2. Nf3 Nf6 3. Nxe5 d6 4. Nf3 Nxe4 5. d4 d5 6. Bd3 Be7 7. Nc3 Nxc3 8.
bxc3 O-O 9. O-O Bg4 10. Be2 Nd7 11. Be3 c6 12. h3 Bh5 13. Nd2 Bxe2 14. Qxe2 Bd6
15. c4 f5 16. Nf3 f4 17. Bd2 Qf6 18. Rfe1 Rae8 19. Qd3 g5 20. c3 h6 21. Rxe8
Rxe8 22. Re1 Rxe1+ 23. Bxe1 dxc4 24. Qxc4+ Qf7 25. Qa4 a6 26. Nd2 Nb6 27. Qc2
Nd7 28. Ne4 Qg6 29. Qb3+ Kf8 30. Nxd6 Qxd6 31. Qxb7 c5 32. d5 c4 33. Qc8+ Kf7
34. Qxc4 Nf6 35. Qd3 Qxd5 36. Qxa6 Qd1 37. Kf1 f3 38. Qb7+ Kg6 39. Qxf3 Qxf3
40. gxf3 Nd5 41. a4 Kf5 42. Bd2 Kg6 43. a5 Nc7 44. c4 Na6 45. Be3 Kf5 46. Kg2
h5 47. c5 Nb8 48. h4 gxh4 49. Kh3 Nc6 50. a6 Na7 51. Kxh4 Nc6 52. Kxh5 Na7 53.
c6 Nxc6 54. a7 Nxa7 55. Bxa7 Kf4 56. Kh4 Kxf3 57. Be3 1-0

[Event "XXVI Ogolnopolska Olimpiada Mlodziezy"]
[Site "Pulawy"]
[Date "2020.10.07"]
[Round "4.22"]
[White "Giemza, Julia"]
[Black "Kicinska, Magdalena"]
[Result "1-0"]
[WhiteElo "1279"]
[BlackElo "1216"]
[PlyCount "69"]
[EventDate "2020.10.04"]
[EventType "swiss"]
[Tiebreak "Sum of Buchholz+Median1 Buchholz+Sonneborn-Berger (Swiss)"]

1. e4 c6 2. Nc3 d5 3. Nf3 Bg4 4. h3 Bxf3 5. Qxf3 e6 6. Qg3 Nd7 7. d3 Ngf6 8.
Bd2 g6 9. Be2 Bg7 10. e5 Ng8 11. f4 Ne7 12. Qf2 h5 13. O-O-O a5 14. g4 h4 15.
Rhg1 b5 16. d4 Qb6 17. Be3 a4 18. Bd3 b4 19. Nb1 b3 20. cxb3 axb3 21. a3 Rc8
22. Nc3 c5 23. Kd2 Rg8 24. Ke2 cxd4 25. Bxd4 Nc5 26. Qe3 Qa5 27. Bb5+ Nd7 28.
Bb6 Qa8 29. Rc1 Nc6 30. Bd4 Nxd4+ 31. Qxd4 Ke7 32. Qb4+ Nc5 33. Na4 Bh6 34.
Nxc5 Kf8 35. Nxe6# 1-0

[Event "XXVI Ogolnopolska Olimpiada Mlodziezy"]
[Site "Pulawy"]
[Date "2020.10.07"]
[Round "4.22"]
[White "Kusiak, Mateusz"]
[Black "Pisarek, Jan"]
[Result "1-0"]
[WhiteElo "1578"]
[BlackElo "1608"]
[PlyCount "79"]
[EventDate "2020.10.04"]
[EventType "swiss"]
[Tiebreak "Sum of Buchholz+Median1 Buchholz+Sonneborn-Berger (Swiss)"]

1. e4 g6 2. d4 Bg7 3. Nf3 d6 4. h3 Nd7 5. Bc4 e6 6. O-O a6 7. Bf4 b5 8. Bb3 Bb7
9. Qe2 Ne7 10. c3 O-O 11. a4 Nb6 12. a5 Nd7 13. Nbd2 Re8 14. Nh2 Nf6 15. Bg5 h6
16. Bh4 c5 17. f4 Qc7 18. e5 Nd7 19. Ng4 Nf5 20. Qf2 Qc6 21. Nf3 Rac8 22. Rad1
d5 23. Bf6 h5 24. Ne3 Nxf6 25. exf6 Bxf6 26. g4 Nxe3 27. Qxe3 hxg4 28. hxg4
cxd4 29. cxd4 Qd6 30. Ne5 Bxe5 31. fxe5 Qe7 32. Rf6 Kg7 33. Rdf1 Rc7 34. Qf4
Rh8 35. Rf2 Bc6 36. Bc2 Be8 37. g5 Qb4 38. Bxg6 fxg6 39. Rxe6 Rf7 40. Rf6 1-0

[Event "XXVI Ogolnopolska Olimpiada Mlodziezy"]
[Site "Pulawy"]
[Date "2020.10.07"]
[Round "4.23"]
[White "Labedz, Gabriela"]
[Black "Pieczewska, Jadwiga"]
[Result "1-0"]
[WhiteElo "1240"]
[BlackElo "1060"]
[PlyCount "109"]
[EventDate "2020.10.04"]
[EventType "swiss"]
[Tiebreak "Sum of Buchholz+Median1 Buchholz+Sonneborn-Berger (Swiss)"]

1. e4 e6 2. d4 d5 3. e5 c5 4. f4 Nc6 5. Nf3 Qb6 6. c3 Nge7 7. a3 Nf5 8. Bd3 Bd7
9. b4 cxd4 10. Bxf5 exf5 11. cxd4 Be7 12. Nc3 Be6 13. Be3 O-O 14. O-O Rac8 15.
Rc1 h6 16. Kh1 Rfd8 17. Rg1 a6 18. h3 Na7 19. g4 a5 20. g5 h5 21. g6 f6 22. Bf2
axb4 23. axb4 Nb5 24. Na4 Rxc1 25. Qxc1 Qc7 26. Qd1 Nc3 27. Nxc3 Qxc3 28. Be1
Qa3 29. b5 Rc8 30. Bf2 Rc3 31. Kg2 Qb3 32. Qe2 Qc4 33. Qxc4 Rxc4 34. Ra1 Rc8
35. Nd2 fxe5 36. dxe5 Rc2 37. Nb3 Bh4 38. Ra8+ Bc8 39. Rxc8+ Rxc8 40. Bxh4 Rc2+
41. Bf2 Rc4 42. Nd4 Rb4 43. e6 Kf8 44. Nxf5 Rxf4 45. Bc5+ Kg8 46. Ng3 Rf6 47.
e7 Re6 48. Kf3 Rf6+ 49. Ke3 Re6+ 50. Kd4 Kh8 51. Kxd5 Re1 52. Ne4 Rd1+ 53. Ke6
Rf1 54. e8=Q+ Rf8 55. Qxf8# 1-0

[Event "XXVI Ogolnopolska Olimpiada Mlodziezy"]
[Site "Pulawy"]
[Date "2020.10.07"]
[Round "4.23"]
[White "Zalega, Maciej"]
[Black "Serewa, Antoni"]
[Result "1-0"]
[WhiteElo "1713"]
[BlackElo "1447"]
[PlyCount "45"]
[EventDate "2020.10.04"]
[EventType "swiss"]
[Tiebreak "Sum of Buchholz+Median1 Buchholz+Sonneborn-Berger (Swiss)"]

1. e4 c5 2. Nf3 Nc6 3. d4 cxd4 4. Nxd4 e5 5. Nb5 d6 6. c4 Be7 7. N1c3 a6 8. Na3
f5 9. exf5 Bxf5 10. Bd3 Be6 11. Nc2 Nf6 12. O-O O-O 13. b3 Kh8 14. Ne3 Nd4 15.
Ne4 Qe8 16. Bb2 Nc6 17. Nxf6 Bxf6 18. Be4 Rd8 19. Nd5 Rd7 20. Nxf6 Rff7 21.
Nxd7 Rxd7 22. Qd2 Qf8 23. Rad1 1-0

[Event "XXVI Ogolnopolska Olimpiada Mlodziezy"]
[Site "Pulawy"]
[Date "2020.10.07"]
[Round "4.23"]
[White "Zmuda, Tomasz"]
[Black "Nocek, Dominik"]
[Result "1-0"]
[WhiteElo "1309"]
[BlackElo "1354"]
[PlyCount "113"]
[EventDate "2020.10.04"]
[EventType "swiss"]
[Tiebreak "Sum of Buchholz+Median1 Buchholz+Sonneborn-Berger (Swiss)"]

1. e4 e5 2. Nf3 Nc6 3. d4 exd4 4. Bc4 Bc5 5. Ng5 Nh6 6. Nxf7 Nxf7 7. Bxf7+ Kxf7
8. Qh5+ g6 9. Qxc5 d6 10. Qb5 Re8 11. O-O Re5 12. Qb3+ Kg7 13. Nd2 Qg8 14. f3
Qxb3 15. Nxb3 Be6 16. Bf4 Rb5 17. Rfd1 Bxb3 18. axb3 Rb4 19. Bg3 Re8 20. Ra4 a5
21. Bf2 Rxa4 22. bxa4 Re5 23. Bxd4 Nxd4 24. Rxd4 Rc5 25. c3 b5 26. axb5 Rxb5
27. b4 a4 28. Rd2 Rb7 29. Ra2 Ra7 30. Ra3 Kf6 31. Kf2 Ke5 32. Ke3 c6 33. g3 Ra8
34. f4+ Ke6 35. Kd4 h5 36. c4 Ra7 37. c5 Ra8 38. cxd6 Kxd6 39. e5+ Ke6 40. Kc5
Ra6 41. b5 cxb5 42. Kxb5 Ra8 43. Rxa4 Rb8+ 44. Kc5 Kf5 45. Ra6 Re8 46. Rf6+ Kg4
47. Kd6 Kh3 48. e6 Kxh2 49. Rxg6 Ra8 50. Ke7 Kh3 51. Kf7 h4 52. gxh4 Kxh4 53.
e7 Kh5 54. Rg5+ Kh6 55. e8=Q Ra7+ 56. Kf8 Rf7+ 57. Kxf7 1-0

[Event "XXVI Ogolnopolska Olimpiada Mlodziezy"]
[Site "Pulawy"]
[Date "2020.10.07"]
[Round "4.24"]
[White "Brelinska, Matylda"]
[Black "Biniak, Zuzanna"]
[Result "1/2-1/2"]
[WhiteElo "1180"]
[BlackElo "1339"]
[PlyCount "62"]
[EventDate "2020.10.04"]
[EventType "swiss"]
[Tiebreak "Sum of Buchholz+Median1 Buchholz+Sonneborn-Berger (Swiss)"]

1. e4 d6 2. d4 Nf6 3. Nc3 g6 4. h3 Bg7 5. Nf3 O-O 6. Bf4 c6 7. Bd3 Nbd7 8. Qd2
a6 9. Bh6 e5 10. dxe5 Nxe5 11. Nxe5 dxe5 12. O-O b5 13. a3 c5 14. b3 Bb7 15.
Rfe1 Qc7 16. Bxg7 Kxg7 17. Qe2 Nh5 18. Nd5 Qd8 19. c4 bxc4 20. Bxc4 a5 21. Rad1
Qg5 22. Qg4 Qxg4 23. hxg4 Nf4 24. Nxf4 exf4 25. Bd5 Rab8 26. Rb1 Rfd8 27. Red1
Kf6 28. Bxb7 Rxd1+ 29. Rxd1 Rxb7 30. Rd3 Ke6 31. f3 Rb6 1/2-1/2

[Event "XXVI Ogolnopolska Olimpiada Mlodziezy"]
[Site "Pulawy"]
[Date "2020.10.07"]
[Round "4.24"]
[White "Kowalski, Witold"]
[Black "Stepinski, Piotr"]
[Result "1/2-1/2"]
[WhiteElo "1330"]
[BlackElo "1197"]
[PlyCount "92"]
[EventDate "2020.10.04"]
[EventType "swiss"]
[Tiebreak "Sum of Buchholz+Median1 Buchholz+Sonneborn-Berger (Swiss)"]

1. e4 c5 2. Nf3 Nc6 3. d4 cxd4 4. Nxd4 Nf6 5. Nc3 e5 6. Nb3 Bb4 7. Bd3 h6 8.
O-O Bxc3 9. bxc3 O-O 10. h3 d5 11. exd5 Nxd5 12. c4 Nde7 13. f4 f6 14. Be3 f5
15. fxe5 Nxe5 16. Qd2 Nxd3 17. cxd3 Ng6 18. Rae1 Bd7 19. Bc5 Re8 20. d4 b6 21.
Bd6 Ba4 22. c5 Bxb3 23. axb3 bxc5 24. dxc5 Rxe1 25. Rxe1 Rc8 26. Qd5+ Kh8 27.
Qxf5 Nf8 28. Qxf8+ Qxf8 29. Bxf8 Rxf8 30. Re7 Rc8 31. Re5 Kg8 32. b4 Kf7 33.
Kf2 Kf6 34. Rd5 Ke6 35. Rd6+ Ke7 36. Ke3 a5 37. bxa5 Rxc5 38. Ra6 Rc7 39. Rb6
Rc3+ 40. Kf2 Ra3 41. a6 Kf7 42. h4 h5 43. Rb7+ Kf6 44. a7 g6 45. Rd7 Kf5 46.
Rf7+ Ke5 1/2-1/2

[Event "XXVI Ogolnopolska Olimpiada Mlodziezy"]
[Site "Pulawy"]
[Date "2020.10.07"]
[Round "4.24"]
[White "Kozera, Dawid"]
[Black "Podlewski, Szymon"]
[Result "0-1"]
[WhiteElo "1450"]
[BlackElo "1526"]
[PlyCount "102"]
[EventDate "2020.10.04"]
[EventType "swiss"]
[Tiebreak "Sum of Buchholz+Median1 Buchholz+Sonneborn-Berger (Swiss)"]

1. e4 e5 2. Nf3 Nf6 3. Nxe5 d6 4. Nf3 Nxe4 5. d4 d5 6. Bd3 Be7 7. O-O O-O 8. c4
c6 9. Nc3 Nxc3 10. bxc3 Bg4 11. h3 Bh5 12. Bf4 Qa5 13. Re1 Qd8 14. Re3 dxc4 15.
Bxc4 Bd6 16. Be5 Bxe5 17. Rxe5 Bg6 18. Bd3 Nd7 19. Re3 Nf6 20. Bxg6 hxg6 21.
Qb3 Rb8 22. Rae1 Qb6 23. Ne5 Qxb3 24. axb3 Rfe8 25. Nd7 Rxe3 26. Nxf6+ gxf6 27.
Rxe3 Kf8 28. Kf1 b5 29. Re2 a5 30. Ra2 Ra8 31. Ke2 Ke7 32. Kd3 Kd6 33. c4 f5
34. f4 f6 35. h4 Kc7 36. g3 Kd6 37. Ra1 Ke6 38. Ra2 Kd6 39. Ra1 Kc7 40. Ra2 Kb6
41. c5+ Kc7 42. Re2 Kd7 43. Ra2 a4 44. Kc3 Ke6 45. Kd3 Kd5 46. Ra3 Ra7 47. Ra2
a3 48. Ke3 Re7+ 49. Kd3 b4 50. Rc2 Re1 51. Rd2 Rg1 0-1

[Event "XXVI Ogolnopolska Olimpiada Mlodziezy"]
[Site "Pulawy"]
[Date "2020.10.07"]
[Round "4.25"]
[White "Jablonski, Dawid"]
[Black "Hryniewicz, Maciej"]
[Result "0-1"]
[WhiteElo "1200"]
[BlackElo "1277"]
[PlyCount "36"]
[EventDate "2020.10.04"]
[EventType "swiss"]
[Tiebreak "Sum of Buchholz+Median1 Buchholz+Sonneborn-Berger (Swiss)"]

1. d4 Nf6 2. c4 e6 3. Nf3 d5 4. Bg5 Nbd7 5. Nc3 Bb4 6. Ne5 c6 7. e3 Qa5 8. Ke2
Bxc3 9. bxc3 Ne4 10. Kf3 Nxe5+ 11. dxe5 Nxg5+ 12. Kf4 Ne4 13. Qg4 g5+ 14. Kf3
h5 15. Qxe4 dxe4+ 16. Kxe4 f5+ 17. exf6 Qf5+ 18. Kd4 c5# 0-1

[Event "XXVI Ogolnopolska Olimpiada Mlodziezy"]
[Site "Pulawy"]
[Date "2020.10.07"]
[Round "4.25"]
[White "Wieckowski, Michal"]
[Black "Bury, Milosz"]
[Result "0-1"]
[WhiteElo "1494"]
[BlackElo "1436"]
[PlyCount "28"]
[EventDate "2020.10.04"]
[EventType "swiss"]
[Tiebreak "Sum of Buchholz+Median1 Buchholz+Sonneborn-Berger (Swiss)"]

1. d4 d5 2. c4 e6 3. Nf3 Nf6 4. g3 c5 5. cxd5 exd5 6. Bg2 Nc6 7. Nc3 Be6 8. O-O
Be7 9. Bf4 O-O 10. Rc1 Rc8 11. e3 b6 12. Ne5 c4 13. Qa4 Na5 14. Rfd1 a6 0-1

[Event "XXVI Ogolnopolska Olimpiada Mlodziezy"]
[Site "Pulawy"]
[Date "2020.10.07"]
[Round "4.26"]
[White "Fil, Grzegorz"]
[Black "Gawlik, Olivier"]
[Result "0-1"]
[WhiteElo "1268"]
[BlackElo "1115"]
[PlyCount "134"]
[EventDate "2020.10.04"]
[EventType "swiss"]
[Tiebreak "Sum of Buchholz+Median1 Buchholz+Sonneborn-Berger (Swiss)"]

1. d4 d5 2. c4 e6 3. Nc3 Nf6 4. Bg5 Nbd7 5. Nf3 c6 6. cxd5 exd5 7. g3 Qa5 8.
Bd2 Qb6 9. Na4 Qc7 10. Rc1 a5 11. Nc5 Bd6 12. Bg2 O-O 13. O-O b6 14. Nd3 Ba6
15. Bf4 Bxf4 16. Nxf4 Qd6 17. Qd2 Ne4 18. Qc2 Rac8 19. Qb3 g5 20. Nd3 g4 21.
Nfe5 Nd2 22. Qc2 Nxf1 23. Nxd7 Bxd3 24. Qxd3 Qxd7 25. Kxf1 f5 26. Qb3 b5 27.
Rc5 a4 28. Qc2 Qe6 29. e3 Rfe8 30. b3 a3 31. b4 Kh8 32. Qc3 h5 33. Qxa3 h4 34.
Ke2 h3 35. Bh1 Ra8 36. Qb3 Qf6 37. Qb2 Ra4 38. Rc2 Qd6 39. a3 Qf6 40. Kd3 Rea8
41. Rc3 Qg6 42. Kd2 Qd6 43. Rd3 Qd7 44. Rb3 Qa7 45. Kc2 Rxa3 46. Rxa3 Qxa3 47.
Qxa3 Rxa3 48. Kb2 Ra4 49. f3 Rxb4+ 50. Kc2 Rc4+ 51. Kb2 b4 52. fxg4 fxg4 53.
Kb3 Rc1 54. Bxd5 cxd5 55. Kxb4 Kg7 56. Kb5 Kf6 57. Kb6 Kf5 58. Kb5 Ke4 59. Kb6
Kxe3 60. Kb5 Kxd4 61. Kb4 Rb1+ 62. Ka4 Kc4 63. Ka3 d4 64. Ka2 Rb3 65. Ka1 Kc3
66. Ka2 Kc2 67. Ka1 Ra3# 0-1

[Event "XXVI Ogolnopolska Olimpiada Mlodziezy"]
[Site "Pulawy"]
[Date "2020.10.07"]
[Round "4.26"]
[White "Kuczynski, Michal"]
[Black "Zeissel, Andrzej"]
[Result "0-1"]
[WhiteElo "1341"]
[BlackElo "1437"]
[PlyCount "51"]
[EventDate "2020.10.04"]
[EventType "swiss"]
[Tiebreak "Sum of Buchholz+Median1 Buchholz+Sonneborn-Berger (Swiss)"]

1. e4 e5 2. Nf3 Nc6 3. Bb5 a6 4. Ba4 Nf6 5. d3 b5 6. Bb3 Be7 7. O-O Bb7 8. Nbd2
O-O 9. Re1 d5 10. exd5 Nxd5 11. Nxe5 Nxe5 12. Rxe5 Bd6 13. Bxd5 Bxd5 14. Rxd5
Bxh2+ 15. Kxh2 Qxd5 16. Nf3 Rae8 17. Bf4 c6 18. Qd2 Re6 19. a3 Rfe8 20. Be3
Qh5+ 21. Kg1 Rg6 22. Ne1 Ree6 23. Qa5 h6 24. Qxa6 f5 25. Qc8+ Kh7 26. Qc7 0-1